| 000 | 01326nam a2200313 a 4500 | ||
|---|---|---|---|
| 003 | BLK | ||
| 005 | 20250310092706.0 | ||
| 008 | 180412b bul|||||r ||||||| ||bul|| | ||
| 020 | _a9540400805 | ||
| 040 | _aBLK | ||
| 041 |
_aBUL _cBUL |
||
| 080 |
_aРуска литература _b821.161.1 _x-054.7-3 _z821.161.1-054.7-3 |
||
| 100 | 1 |
_aСолженицин, Александър Исаевич _9122074 |
|
| 245 | 1 | 0 |
_aАрхипелаг ГУЛАГ 1918 - 1956 _bОпит за худож. изследване : Т. 1 - 2 _cАлександър Солженицин ; прев. от рус. Иван Дойчинов. _nT. 1 |
| 250 | _a2. изд. | ||
| 257 | _aRUS | ||
| 260 |
_aСофия _bНар. култура _c1994 _fВ. Търново : Абагар _9209547 |
||
| 300 |
_a720 с. _c22 см |
||
| 380 | _aX | ||
| 500 | _aОриг. загл. Архипелаг ГУЛАГ / Александр Солженицын. - 1. изд. 1993. | ||
| 700 |
_aДойчинов, Иван Богданов _9373958 |
||
| 852 |
_aЦб 176848 _bЦб |
||
| 852 |
_bП _c821.161.1-3/С 51 А |
||
| 856 | 4 |
_qpdf _u |
|
| 856 | 4 |
_qpdf _u |
|
| 942 |
_cKNG _n0 _02 |
||
| 944 |
_aCR _c15.01.2003 _k30535 _lХристина Везирева |
||
| 999 |
_c821 _d821 |
||